00788nam a2200241 i 4500001000300000003000400003005001700007008003900024015001700063020001500080040001400095041001300109080001400122080000900136100002500145245015600170260003200326300002800358655001700386650002100403700002400424856009800448bgBPK20200407144356.0081008s1998 pl a f |000 0 pol aPB 2928/2009 a8387388106 aWA NcBPK0 apolarus a811.161.1 a(07)1 aŚlusarski, Szymon.10aRusskij âzyk :brepetytorium tematyczno-leksykalne dla młodzieży szkolnej, studentów i nie tylko ... /cSzymon Ślusarski, Irina Tiereszczenko. aPoznań :bWagros ,c1998. a107 s. :bil. ;c24 cm. 4aPodręcznik 4aJęzyk rosyjski1 aTereŝenko, Irina. uhttp://koha.tu.koszalin.pl/cgi-bin/koha/opac-detail.pl?biblionumber=33747yKatalog online BPK